Bronce en plenitud (Record no. 105101)

MARC details
000 -LEADER
campo de control de longitud fija 01320nam a2200397 i 4500
001 - NÚMERO DE CONTROL
campo de control MOR01000105428
003 - IDENTIFICADOR DE NÚMERO DE CONTROL
campo de control $$amxdfmo
005 - FECHA Y HORA DE LA ÚLTIMA TRANSACCIÓN
campo de control 20260331230834.0
008 - DATOS DE LONGITUD FIJA--INFORMACIÓN GENERAL
campo de control de longitud fija 171215s2017 cmmo g bi 000 0 spa d
020 ## - NÚMERO INTERNACIONAL ESTÁNDAR DEL LIBRO
Número Internacional Estándar del Libro 9786079750107
035 ## - NÚMERO DE CONTROL DEL SISTEMA
Número de control de sistema 180126
040 ## - FUENTE DE CATALOGACIÓN
Centro catalogador/agencia de origen mxcmmo
Lengua de catalogación spa
Centro/agencia transcriptor mxcmmo
Normas de descripción rda
041 0# - CÓDIGO DE IDIOMA
Código de lengua del texto/banda sonora o título independiente spaeng
043 ## - CÓDIGO DE ÁREA GEOGRÁFICA
Código de área geográfica n-mx---
045 ## - PERIODO DE TIEMPO DEL CONTENIDO
Código de periodo de tiempo x8y1
082 04 - NÚMERO DE LA CLASIFICACIÓN DECIMAL DEWEY
Número de clasificación 735.3
Número de ítem MAR.b
100 1# - ENTRADA PRINCIPAL--NOMBRE DE PERSONA
Nombre de persona Marín, Jorge
Término indicativo de función/relación autor
9 (RLIN) 188187
245 10 - MENCIÓN DEL TÍTULO
Título Bronce en plenitud
Resto del título = bronze in plenitude/
Mención de responsabilidad, etc. Jorge Marín ; Sandra Lorenzano [y otros] ; traducción Debra Nagao
264 #1 - PRODUCCIÓN, PUBLICACIÓN, DISTRIBUCIÓN, FABRICACIÓN Y COPYRIGHT
Producción, publicación, distribución, fabricación y copyright México:
Nombre del de productor, editor, distribuidor, fabricante Fundación Piel de Bronce,
Fecha de producción, publicación, distribución, fabricación o copyright 2017
300 ## - DESCRIPCIÓN FÍSICA
Extensión 187 páginas:
Otras características físicas fotografías;
Dimensiones 30 cm
336 ## - TIPO DE CONTENIDO
Término de tipo de contenido texto
Código de tipo de contenido txt
Fuente rdacontent
337 ## - TIPO DE MEDIO
Nombre/término del tipo de medio sin medio
Código del tipo de medio n
Fuente rdamedia
338 ## - TIPO DE SOPORTE
Nombre/término del tipo de soporte volumen
Código del tipo de soporte nc
Fuente rdacarrier
650 #7 - PUNTO DE ACCESO ADICIONAL DE MATERIA--TÉRMINO DE MATERIA
Término de materia o nombre geográfico como elemento de entrada Escultores mexicanos
Subdivisión general Siglo XXI
9 (RLIN) 188188
650 #7 - PUNTO DE ACCESO ADICIONAL DE MATERIA--TÉRMINO DE MATERIA
Término de materia o nombre geográfico como elemento de entrada Escultura mexicana
Subdivisión cronológica Siglo XXI
9 (RLIN) 188189
700 1# - ENTRADA AGREGADA--NOMBRE PERSONAL
Nombre de persona Lorenzano, Sandra
Término indicativo de función/relación autor
9 (RLIN) 103796
700 1# - ENTRADA AGREGADA--NOMBRE PERSONAL
Nombre de persona Nagao, Debra
Término indicativo de función/relación traductor
9 (RLIN) 188190
900 ## - ELEMENTOS DE DATOS A LOCAL, LDA (RLIN)
Nombre de persona CATY
Numeración 30
Títulos y otros términos asociados al nombre 20180201
Lenguaje de la obra MOR01
-- 1240
900 ## - ELEMENTOS DE DATOS A LOCAL, LDA (RLIN)
Nombre de persona KLASY
Numeración 30
Títulos y otros términos asociados al nombre 20180202
Lenguaje de la obra MOR01
-- 1312
900 ## - ELEMENTOS DE DATOS A LOCAL, LDA (RLIN)
Nombre de persona KLASY
Numeración 30
Títulos y otros términos asociados al nombre 20180202
Lenguaje de la obra MOR01
-- 1312
900 ## - ELEMENTOS DE DATOS A LOCAL, LDA (RLIN)
Nombre de persona LUIS
Numeración 20
Títulos y otros términos asociados al nombre 20171215
Lenguaje de la obra MOR01
-- 1150
900 ## - ELEMENTOS DE DATOS A LOCAL, LDA (RLIN)
Nombre de persona LUIS
Numeración 20
Títulos y otros términos asociados al nombre 20171215
Lenguaje de la obra MOR01
-- 1150
900 ## - ELEMENTOS DE DATOS A LOCAL, LDA (RLIN)
Nombre de persona VOBO
Numeración 40
Títulos y otros términos asociados al nombre 20180823
Lenguaje de la obra MOR01
-- 1537
904 ## - ELEMENTOS DE DATOS D LOCAL, LDD (RLIN)
a UPDATE
942 ## - ELEMENTOS DE ENTRADA SECUNDARIOS (KOHA)
Código de la institución [OBSOLETO] BK
901 ## - ELEMENTOS DE DATOS A LOCAL LDA (RLIN)
a batch batch
Holdings
Estatus retirado Estado de pérdida Fuente del sistema de clasificación o colocación Estado de daño No para préstamo Colección Biblioteca de origen Biblioteca actual Ubicación en estantería Fecha de adquisición Fuente de adquisición Número de inventario Total de préstamos Signatura topográfica completa Código de barras Visto por última vez Precio de reemplazo Tipo de ítem Koha
    Clasificación Decimal Dewey     Formato Grande Biblioteca Instituto Mora Biblioteca Instituto Mora Regular 01/02/2018   132311   (L)/735.3 MAR.b 33068001367414 03/09/2024 03/09/2024 Libro préstamo regular